[Event "NOR-chT Eliteserien 2018-19"]
[Site "Norway"]
[Date "2018.11.03"]
[Round "2.1"]
[White "Haldorsen, Benjamin"]
[Black "Howell, David W L"]
[Result "0-1"]
[WhiteElo "2461"]
[BlackElo "2697"]
[Annotator "TA"]
[PlyCount "174"]
[EventDate "2018.11.02"]
[EventType "team-tourn"]
[EventCountry "NOR"]

{[%evp 17,174,16,25,14,28,18,35,-16,-15,-18,-18,-9,-14,-8,-10,-24,-27,-25,-17,-42,-29,-42,-41,-46,-44,-50,-15,-43,0,-35,-30,-68,-42,-42,-42,-42,-42,-42,-42,-42,-42,-42,-42,-42,-42,-42,-42,-42,-42,-171,-42,-42,-42,-168,-165,-186,-186,-186,-185,-186,-186,-186,-186,-184,-185,-186,-185,-184,-175,-183,-183,-184,-184,-178,-51,-160,-175,-302,-175,-883,-875,-835,-809,-753,-728,-778,0,-685,0,-757,-739,-860,-846,-786,-781,-1108,-1062,-1073,-972,-1152,-1112,-1148,-1142,-1125,-1145,-1063,-1145,-1127,-1119,-1119,-1119,-1119,-1119,-1063,-499,-899,-978,-828,0,0,0,0,0,0,0,0,0,0,0,0,0,0,0,0,0,0,0,0,0,0,0,0,0,0,0,-29970,-29971,-29965,-4704,-29966,-29974,-29974,-29974,-29971,-29974,-29985,-29985,-29988,-29989]} 1. e4 e5 2. Nf3 Nc6 3. Bc4 Bc5 4. O-O Nf6 5. d3 d6 6. c3 a5 {C54: Giuoco Piano: 4 c3 Nf6, main lines with 5 d4 and 5 d3} (6... a6 7. Re1 h6 8. b4 Ba7 9. a4 O-O 10. Nbd2 Re8 11. Nf1 Be6 12. Bxe6 Rxe6 13. Ng3 Ne7 14. d4 Ng6 {½-½ (38) Aronian,L (2767)-Carlsen,M (2842) Saint Louis 2018}) 7. Re1 h6 8. Nbd2 {[%cal Bb1d2,Bd2f1,Bf1g3][%mdl 32]} O-O 9. Nf1 Ne7 {LiveBook: 4 Games} 10. Ng3 Ng6 11. Bb3 b5 $146 ({Predecessor:} 11... a4 12. Bxa4 Bg4 13. d4 exd4 14. cxd4 Bb4 15. Re3 {1-0 (33) Sethuraman,S (2631)-Naiditsch,A (2701) Sharjah 2018}) 12. a3 (12. a4 $14) 12... a4 $11 13. Ba2 Bb6 14. h3 Re8 15. d4 c5 16. dxe5 dxe5 17. Qxd8 Bxd8 18. Be3 c4 19. Rad1 Bc7 20. Bb1 Bb7 21. Rd2 Nf4 22. Red1 h5 23. h4 g6 24. Bc5 Rac8 {[%cal Ba8c8,Bc8c7,Bc7d7][%mdl 32]} 25. Bd6 Bc6 26. Bxc7 Rxc7 27. Rd8 Ng4 28. Ne1 Kf8 29. R8d2 Nf6 30. f3 Rd7 31. Kf2 Ke7 32. Ne2 Ne6 33. Nc2 (33. Rxd7+ $15 Nxd7 34. Nc2) 33... Nc5 (33... Rxd2 $19 34. Rxd2 Bxe4 $1 {[%mdl 512]}) 34. Nb4 Rxd2 35. Rxd2 {[#]} (35. Nxc6+ $15 Kd6 36. Rxd2+ Kxc6 37. Nc1) 35... Bxe4 $1 $19 {[%mdl 512]} 36. Bxe4 Nfxe4+ 37. fxe4 Nxe4+ 38. Ke3 Nxd2 39. Kxd2 Rd8+ 40. Ke1 Ke6 41. Ng3 f5 42. Ke2 Rd6 43. Nc2 Rd3 44. Nf1 f4 45. Ne1 Rd5 (45... Rd8 $19 46. Nf3 Kf5) 46. Nf3 (46. g3 $1 $15) 46... Kf5 $17 47. N1d2 (47. g3 $142) 47... e4 $19 48. Nh2 $2 (48. Ng5) 48... Rd3 49. Nhf1 Ke5 50. Ke1 Kd5 51. Ke2 Ke5 52. Ke1 $1 Kd5 53. Ke2 b4 54. Nb1 b3 55. Nbd2 e3 56. Nf3 Ke4 57. g3 fxg3 58. Nxg3+ Kf4 59. Nf1 {[#]} Rxc3 $1 {[%mdl 512]} 60. bxc3 b2 61. N1d2 exd2 62. Nxd2 {[%mdl 4096] Endgame KN-KP} Kg3 63. Kd1 Kxh4 64. Kc2 Kg3 65. Nxc4 {[#]} Kf4 (65... b1=Q+ $142 $1 {[%mdl 512]} 66. Kxb1 h4) 66. Nxb2 {KN-K3P} (66. Nd2 $142 g5 67. c4) 66... h4 67. Nd3+ Kg3 $2 ({Black should try} 67... Kf3 $19 68. Ne5+ Kg3) 68. Kd2 $11 h3 {[%cal Bh4h3,Bh3h2][%mdl 32]} 69. Ke3 h2 70. Nf2 {c4 is the strong threat.} g5 71. c4 g4 72. c5 Kg2 73. c6 $1 {[%cal Rc6c7] White wants to mate with c7.} g3 74. c7 gxf2 75. c8=Q {White threatens Qg4+ and mate.} f1=Q {KQ-KQ} 76. Qg4+ Kh1 77. Qxa4 Qg1+ (77... Qb1 $5 78. Qa8+ $8 Kg1 79. Qg8+ Kh1 80. Qa8+ Kg1 81. Qg8+ Kh1 82. Qa8+ $11) 78. Ke2 Qg2+ 79. Ke3 Qg3+ 80. Ke2 Qe5+ 81. Kf1 $2 {[%mdl 8192] [#]} (81. Kf2 $11 Qf6+ 82. Ke3 Qe6+ 83. Kf3 Qh3+ 84. Kf2 Qf5+ 85. Kg3 Qg5+ 86. Kf3 Qf6+ 87. Ke3 Qg5+ 88. Ke2 Qe7+ 89. Kf2 Qf7+ 90. Ke2 Qe6+ 91. Kf3 Qh3+ 92. Ke2 Qe6+ 93. Kf3) 81... Qf5+ $1 82. Ke2 {[#]} Kg2 $1 {( -> ...Qf3+)} 83. Qa8+ Kg3 {Black mates.} 84. Qb8+ Qf4 85. Qb3+ Kh4 86. Qb1 Qg4+ 87. Ke3 Qg1+ {Precision: White = 49%, Black = 70%.} 0-1

[Event "NOR-chT Eliteserien 2018-19"]
[Site "Norway"]
[Date "2018.11.03"]
[Round "2.2"]
[White "Predojevic, Borki"]
[Black "Nilsen, Joachim Birger"]
[Result "1-0"]
[WhiteElo "2626"]
[BlackElo "2405"]
[Annotator "TA"]
[PlyCount "39"]
[EventDate "2018.11.02"]
[EventType "team-tourn"]
[EventCountry "NOR"]

{[%evp 10,39,10,9,13,-5,50,47,50,38,55,53,83,72,69,69,83,77,88,85,97,69,79,62,326,335,774,745,756,752,857,820]} 1. Nf3 d5 2. g3 c6 3. c4 Bg4 4. Qb3 (4. Ne5 Be6 5. Bg2 Nd7 6. Nxd7 Qxd7 7. cxd5 cxd5 8. O-O Bh3 9. Bxh3 Qxh3 10. Nc3 Qd7 11. d3 e6 {½-½ (34) Dubov,D (2691)-Kobalia,M (2619) Satka 2018}) 4... Qb6 5. Ne5 Be6 6. d3 {LiveBook: 13 Games. A11: English Opening: 1...c6} Nf6 7. Bg2 dxc4 (7... Nbd7 $11 8. Nxd7 Bxd7) 8. Nxc4 $14 {White is slightly better.} Qa6 9. O-O $146 ({Predecessor:} 9. Qc2 Nbd7 10. Bd2 Bd5 11. e4 Bxc4 12. dxc4 {½-½ (40) Stefanova,A (2512)-Girya,O (2444) Chengdu 2016}) 9... Nbd7 10. Nbd2 Nb6 11. Qc3 Nxc4 12. Nxc4 Rc8 13. b4 g6 14. a4 {Black must now prevent b5!} Bg7 15. Bb2 O-O 16. Qb3 Nd7 $2 {[%mdl 8192]} (16... Bxc4 $14 17. dxc4 Ne8) 17. Bxg7 $18 Kxg7 $2 (17... Bxc4 18. Qc3 (18. dxc4 Kxg7 19. a5 Rcd8 $16) (18. Qxc4 Qxc4 19. dxc4 Kxg7 $11) 18... Be6 19. Bxf8 Nxf8) 18. Qb2+ {White is clearly winning.} Kg8 {[#]} 19. b5 $1 {[%cal Rb5a6]} cxb5 20. axb5 {[%mdl 64] Trapped Piece. Accuracy: White = 97%, Black = 30%.} 1-0

[Event "NOR-chT Eliteserien 2018-19"]
[Site "Norway"]
[Date "2018.11.03"]
[Round "2.3"]
[White "Bern, Ivar"]
[Black "Tari, Aryan"]
[Result "0-1"]
[WhiteElo "2295"]
[BlackElo "2614"]
[Annotator "TA"]
[PlyCount "68"]
[EventDate "2018.11.02"]
[EventType "team-tourn"]
[EventCountry "NOR"]

{[%evp 11,68,0,16,14,17,8,27,6,12,11,11,8,0,0,52,25,42,0,23,8,20,-17,33,38,31,32,75,11,38,-29,0,-35,0,-1,-20,-31,-14,-14,-22,-14,-19,-22,0,-25,-25,-95,-89,-87,-77,-188,-115,-564,-549,-543,-547,-922,-922,-922,-827]} 1. c4 e5 2. Nc3 Bb4 3. Nf3 Bxc3 4. dxc3 Nc6 5. e4 d6 6. Bd3 {A21: English Opening: 1...e5 2 Nc3} Nge7 {LiveBook: 6 Games} 7. Nh4 (7. h3 O-O 8. g4 Ng6 9. Bg5 Qe8 10. Be3 b6 11. Qd2 Nd8 12. O-O-O Ne6 {0-1 (45) Gabuzyan,H (2553)-Kobalia,M (2632) Moscow 2015}) 7... O-O 8. Qf3 {The position is equal.} Ng6 (8... b6 {is more complex.} 9. O-O f6 10. Be3 a5 11. Rad1 Bd7) 9. Nxg6 fxg6 10. Qg3 Be6 11. h4 $146 ({Predecessor:} 11. Be3 b6 {½-½ (11) Rechmann,P (2255)-Adamski,J (2299) Germany 2013}) 11... Qe8 12. Be3 a6 (12... b6 $11) 13. Be2 h6 14. O-O Kh7 15. Rfd1 Qf7 16. b3 a5 17. c5 a4 18. cxd6 cxd6 19. bxa4 (19. b4 $16) 19... Qc7 20. h5 (20. Bb5 $14) 20... g5 21. Bg4 Qd7 22. Bxe6 Qxe6 23. Rd2 Rxa4 24. Rad1 Rxe4 25. Rxd6 Qxa2 {[#] White must now prevent ...Qe2.} 26. Bc5 {Threatens to win with R6d2.} Rff4 27. Rd7 (27. Qd3 $5 {[%cal Rg2g3]} Qc4 28. g3 Qxd3 29. R6xd3 $11) 27... Qc4 $36 {[%mdl 2048] Black is more active.} 28. Be3 (28. Bb6 $1 $11 {remains equal.}) 28... Rf7 $17 29. Rxf7 Qxf7 30. Qh3 (30. Qf3 $17 {was worth a try.} Qxf3 31. gxf3) 30... Rh4 (30... g4 $19 31. Qh4 Rc4) 31. Rd7 $2 {[%mdl 8192]} (31. Qd7 $17 Qxh5 32. Qf5+ Qg6 33. Qxg6+ Kxg6 34. Rd6+ Kh7 35. Kf1) 31... Qxh5 $19 {Black is clearly winning.} ({And not} 31... Rxh3 32. Rxf7 Rxh5 33. Rxb7 $11) 32. Qf5+ {[#]} Kg8 $1 {[%csl Gh5][%cal Rh4h1]} 33. g3 Rh1+ 34. Kg2 Re1 {Accuracy: White = 23%, Black = 41%.} 0-1

[Event "NOR-chT Eliteserien 2018-19"]
[Site "Norway"]
[Date "2018.11.03"]
[Round "2.4"]
[White "Christiansen, Johan-Sebastian"]
[Black "Stokke, Kjetil"]
[Result "1-0"]
[WhiteElo "2544"]
[BlackElo "2332"]
[Annotator "TA"]
[PlyCount "103"]
[EventDate "2018.11.02"]
[EventType "team-tourn"]
[EventCountry "NOR"]

{[%evp 13,103,35,31,0,1,0,0,0,0,0,68,68,68,58,86,80,81,96,71,85,96,44,123,104,113,92,102,92,97,95,539,535,515,494,503,345,693,685,664,236,666,261,264,262,406,229,249,181,247,184,185,185,193,181,177,136,153,100,265,256,272,261,255,250,252,209,296,291,291,291,291,270,344,344,337,320,312,297,337,275,302,294,642,696,12840,12840,12840,12839,12840,12840,12844,12844]} 1. e4 c5 2. Nf3 g6 3. c3 d5 4. exd5 Qxd5 5. d4 Bg7 6. Nbd2 {B06: Modern Defence} (6. Na3 cxd4 7. Bc4 Qe4+ 8. Be3 Nh6 9. Nb5 O-O 10. cxd4 Nf5 11. Qe2 Nc6 12. O-O Nd6 13. Nc3 Qf5 14. Bb3 Qh5 {½-½ (46) Navara,D (2726)-Guseinov,G (2647) Antalya 2017}) 6... Nf6 7. Bc4 Qd6 {LiveBook: 3 Games} 8. Ng5 {White is slightly better.} O-O 9. Qb3 {[%cal Rg5f7]} e6 10. Nde4 Nxe4 11. Nxe4 Qc6 $146 (11... Qc7 $11) ({Predecessor:} 11... Qc7 12. Nxc5 b6 13. Ne4 Bb7 {0-1 (59) Grasso,G (2077)-Bruno,F (2436) Amantea 2014}) 12. d5 $14 (12. Nxc5 Qxg2 13. Rf1 b6 $17) 12... exd5 13. Bxd5 Qc7 14. Be3 Nd7 15. Rd1 Rb8 16. O-O b6 17. Nd6 (17. Rfe1 $16) 17... Ne5 (17... Nf6 $14) 18. Rfe1 c4 19. Nxc4 Ng4 {[#]} 20. Nd6 $1 {[%mdl 512] aiming for Bf4.} Be5 (20... Qxd6 21. Bxf7+) 21. Nxf7 Bxh2+ $2 {[%mdl 8192]} (21... Rxf7 $16 22. f4 (22. Bxf7+ Qxf7 23. Rd8+ Kg7 $11) 22... Bf6) 22. Kh1 $18 Nxe3 23. Rxe3 (23. fxe3 Bg3 $18) 23... Bf4 24. Rf3 Kg7 $2 (24... g5 25. Nxg5+ {[%mdl 64] Discovered Attack} Kg7) 25. Qb4 g5 26. Nxg5 $2 (26. Qd4+ Kg6 27. Nxg5 (27. g3 Rxf7 28. Bxf7+ Kxf7 $18)) 26... Bg4 $2 (26... Qe5) 27. Ne6+ $2 (27. Qd4+ Kg6 28. g3 Kxg5 29. gxf4+ Kh6 {[#]} 30. Kg2 $1 {[%mdl 512]} Bxf3+ 31. Kxf3) 27... Bxe6 28. Bxe6 Rbe8 (28... Qe5 $142) 29. Bh3 (29. Bd7 $142 Re2 30. g3) 29... Kh8 30. Qd4+ Be5 (30... Qe5 {was worth a try.} 31. Qxe5+ Bxe5 32. Rxf8+ Rxf8) 31. Rxf8+ Rxf8 32. Qe3 {Threatens to win with Rd7.} Bf4 33. Qe4 {Black must now prevent Rd7.} Qe5 34. Qc2 {g3 is the strong threat.} Re8 {( -> ...Qe1+!)} 35. g3 (35. Rf1 $142) 35... Bh6 $2 (35... Bxg3 $16 {is a better defense.} 36. Rd7 (36. fxg3 Qh5 $16) 36... Qh5) 36. Rd7 {[%csl Gd7][%cal Rc2h7]} Re7 37. Rxe7 Qxe7 38. Bf5 Bg5 39. Kg2 h6 (39... h5 $142 40. Qd1 h4 41. Qh5+ Kg8) 40. Qd3 Kg7 41. Bg4 Qd8 42. Qc4 Qd6 43. Bh5 Qd7 44. Qe4 Qd6 45. a3 a5 46. Bf3 Bc1 47. Qb7+ Kf6 $2 (47... Kf8 48. Qa8+ Ke7 49. Qe4+ Kd8) 48. Bd5 {Intending Qf7+ and mate.White is clearly winning.} Ke5 49. f4+ Bxf4 50. gxf4+ Kxf4 51. Qc6 Qe5 52. Qxh6+ {Accuracy: White = 40%, Black = 35%.} 1-0

[Event "NOR-chT Eliteserien 2018-19"]
[Site "Norway"]
[Date "2018.11.03"]
[Round "2.5"]
[White "Gullaksen, Eirik"]
[Black "Holm, Kristian Stuvik"]
[Result "0-1"]
[WhiteElo "2356"]
[BlackElo "2467"]
[Annotator "broadcasts RC"]
[PlyCount "84"]
[EventDate "2018.11.02"]
[EventType "team-tourn"]
[EventCountry "NOR"]
[TimeControl "40/5400+30:1800+30"]

1. e4 c5 2. Nf3 d6 3. d4 cxd4 4. Nxd4 Nf6 5. Nc3 a6 6. Bc4 e6 7. O-O Be7 8. a3 O-O 9. Ba2 b5 10. Re1 Bb7 11. Qf3 Nc6 12. Nxc6 Bxc6 13. Qg3 a5 14. Bh6 Ne8 15. Rad1 b4 16. Nb1 Bh4 17. Qg4 Bxf2+ 18. Kxf2 Qf6+ 19. Bf4 e5 20. Bd5 Bxd5 21. Rxd5 Nc7 22. Rd3 exf4 23. c3 Rab8 24. Re2 g6 25. cxb4 axb4 26. a4 Ne6 27. Rd5 h5 28. Qh3 Ng5 29. Qd3 f3 30. gxf3 Nh3+ 31. Kf1 Nf4 32. Rxd6 Qh4 33. Qa6 Qh3+ 34. Kf2 Qxh2+ 35. Ke3 Qxe2+ 36. Kxf4 Qxa6 37. Rxa6 Rfd8 38. Ke3 Rbc8 39. Nd2 Rc2 40. Nb3 Rxb2 41. Nc5 Rc2 42. Ra5 b3 0-1

[Event "NOR-chT Eliteserien 2018-19"]
[Site "Norway"]
[Date "2018.11.03"]
[Round "2.6"]
[White "Kaasen, Tor Fredrik"]
[Black "Gabrielsen, Stig"]
[Result "1-0"]
[WhiteElo "2396"]
[BlackElo "2294"]
[Annotator "broadcasts RC"]
[PlyCount "85"]
[EventDate "2018.11.02"]
[EventType "team-tourn"]
[EventCountry "NOR"]
[TimeControl "40/5400+30:1800+30"]

1. d4 Nf6 2. c4 e6 3. Nf3 b6 4. g3 Ba6 5. Nbd2 Bb7 6. Bg2 c5 7. e4 cxd4 8. O-O d6 9. Nxd4 Qc8 10. b3 Be7 11. Bb2 O-O 12. Rc1 Nbd7 13. Qe2 a6 14. f4 Qc5 15. Kh1 Bd8 16. e5 Bxg2+ 17. Qxg2 dxe5 18. fxe5 Nxe5 19. Qxa8 Nd3 20. b4 Qh5 21. Rb1 Ng4 22. Qg2 Ne3 23. Qf3 Ng4 24. Qe2 Bf6 25. Bc3 Be5 26. Kg1 Qh3 27. N2f3 Bxg3 28. hxg3 Qxg3+ 29. Qg2 Qf4 30. Bd2 Qe4 31. Qe2 Qg6 32. Nh4 Qh5 33. Ndf3 Rd8 34. Rb3 Nge5 35. Qg2 Ng4 36. Nh2 f5 37. Nxg4 Qxh4 38. Nf2 Nf4 39. Bxf4 Qxf4 40. Rg3 g6 41. Rxg6+ hxg6 42. Qxg6+ Kf8 43. Qf6+ 1-0

[Event "NOR-chT Eliteserien 2018-19"]
[Site "Norway"]
[Date "2018.11.03"]
[Round "2.7"]
[White "Lie, Espen"]
[Black "Elsness, Frode"]
[Result "1/2-1/2"]
[WhiteElo "2488"]
[BlackElo "2447"]
[Annotator "broadcasts RC"]
[PlyCount "126"]
[EventDate "2018.11.02"]
[EventType "team-tourn"]
[EventCountry "NOR"]
[TimeControl "40/5400+30:1800+30"]

1. e4 c6 2. d4 d5 3. Nd2 dxe4 4. Nxe4 Bf5 5. Qf3 e6 6. Ne2 Bxe4 7. Qxe4 Nf6 8. Qf3 Bd6 9. g3 Nbd7 10. Bg2 O-O 11. O-O e5 12. Rd1 Qc7 13. Qb3 Rfe8 14. dxe5 Bxe5 15. c3 Rad8 16. Qc2 Nb6 17. Bg5 h6 18. Bxf6 Bxf6 19. Nf4 Be5 20. Nd3 Bd6 21. b3 Be7 22. a4 Bf6 23. a5 Nd5 24. Bxd5 cxd5 25. a6 bxa6 26. Rxa6 Bxc3 27. Nf4 Qb7 28. Ra4 d4 29. Rc4 Qf3 30. Qd3 Qxd3 31. Nxd3 a5 32. Kf1 Rb8 33. Nc1 Rb7 34. Ne2 Rxb3 35. Nxd4 Bxd4 36. Rdxd4 Rb1+ 37. Kg2 Rb5 38. Rc7 Rf5 39. Rc2 Ra8 40. Ra2 Ra7 41. Raa4 Kf8 42. g4 Re5 43. Kg3 Ke7 44. Kf4 Rc5 45. h4 h5 46. f3 Ra6 47. Ra3 Rf6+ 48. Kg3 Rd6 49. Re4+ Kd7 50. Rf4 f6 51. gxh5 Ke7 52. Rb3 Rxh5 53. Rg4 g5 54. hxg5 Rxg5 55. Rxg5 fxg5 56. Rb5 Ra6 57. Rxg5 a4 58. Kf4 a3 59. Rg7+ Kf6 60. Rg1 Ra4+ 61. Ke3 Ke5 62. Kd3 a2 63. Ra1 Kf4 1/2-1/2

[Event "NOR-chT Eliteserien 2018-19"]
[Site "Norway"]
[Date "2018.11.03"]
[Round "2.8"]
[White "Urkedal, Frode Olav Olsen"]
[Black "Hobber, Anders"]
[Result "1-0"]
[WhiteElo "2539"]
[BlackElo "2307"]
[Annotator "TA"]
[PlyCount "135"]
[EventDate "2018.11.02"]
[EventType "team-tourn"]
[EventCountry "NOR"]

{[%evp 18,135,28,23,49,53,53,11,14,1,17,7,19,3,6,0,0,0,9,12,53,54,66,48,45,54,61,69,68,69,68,68,66,35,35,44,37,31,83,83,83,83,85,88,90,81,73,55,55,55,115,97,85,44,96,105,140,115,158,0,69,55,74,74,69,69,69,69,69,9,8,0,10,16,64,64,66,71,123,95,91,87,95,0,0,0,0,0,0,0,0,0,0,0,0,0,0,0,0,0,79,72,59,59,138,129,152,139,249,233,187,225,210,52,247,185,217,164,1089,1051]} 1. d4 d5 2. c4 c6 3. Nf3 Nf6 4. Nc3 a6 5. e3 g6 6. Be2 Bg7 7. O-O O-O 8. cxd5 {D94: Grünfeld: 4 Nf3 Bg7 5 e3} (8. h3 b5 9. b3 Bb7 10. Bb2 Nbd7 11. Rc1 Rc8 12. Qd3 dxc4 13. bxc4 b4 14. Na4 c5 15. a3 a5 16. axb4 axb4 17. dxc5 {½-½ (60) Navara,D (2737)-Ivanchuk,V (2738) Prague 2017}) 8... cxd5 9. Ne5 b5 10. Qb3 {LiveBook: 3 Games. White has an edge.} e6 11. a4 $146 ({Predecessor:} 11. Bd2 Nfd7 12. Nxd7 Nxd7 13. a4 bxa4 14. Nxa4 Rb8 15. Qa3 e5 16. dxe5 Nxe5 {1-0 (35) Smolen,J (2384)-Jakubek,P (2140) Slovakia 2014}) 11... bxa4 12. Rxa4 Nfd7 13. f4 Nxe5 14. fxe5 Nc6 15. Bd2 Rb8 16. Qa3 Qb6 17. Nd1 Ra8 18. b4 $36 {[%mdl 2048] Black is under pressure.} Na7 19. Nc3 Rb8 20. Rb1 Nb5 21. Nxb5 axb5 22. Ra7 Rb7 23. Ra6 Qd8 24. Ra8 {aiming for Rc1.} Qb6 25. Rc1 Bd7 26. Ra6 Qd8 27. Be1 {[%cal Bd2e1,Be1h4,Bh4e7,Be7c5][%mdl 32]} Qb8 (27... Bh6 $14) 28. Bh4 $16 Rc8 29. Rxc8+ Qxc8 30. Be7 h5 31. Bc5 Qd8 32. Bf3 Rb8 33. Ra7 Be8 ({Black should play} 33... Bh6 $14) 34. g3 Qg5 35. Qd3 Bh6 (35... Bf8 $14) 36. Kf2 Qd8 37. Qa3 $1 Qg5 38. Qd3 ({White should try} 38. h4 $1 $16 {[%cal Rh4g5]} Qf5 39. Ra8 Qc2+ 40. Be2 Qf5+ 41. Ke1 Rxa8 42. Qxa8 Bxe3 43. Qxe8+ {[%mdl 64] Double Attack} Kh7 44. Qxb5 Qf2+ 45. Kd1 Bxd4 46. Qd3 Bxc5 47. bxc5 Qxc5 48. Bxh5) 38... Qd8 $1 $14 39. Ra5 Ra8 40. Qa3 Rc8 41. Ra7 Qg5 42. Qd3 Qd8 43. e4 (43. Be2 $14) 43... Ra8 $1 $11 44. Bb6 Qb8 45. Ra5 Qb7 46. exd5 exd5 47. Bc5 Rd8 (47... Bf8 $142) 48. Ra7 Qc6 49. Qa3 Qc8 50. Qa5 (50. h4 $16) 50... Qf5 $1 51. Qa2 g5 {[%cal Bg6g5,Bg5g4][%mdl 32] ...g4 is the strong threat.} 52. Ke2 g4 53. Bg2 ({Not} 53. Bxd5 $2 Rxd5 $1 {[%mdl 512]} 54. Ke1 Bc6 $19) 53... Qg5 54. Ra3 ({Don't blunder} 54. Bxd5 $2 {[#]} Rxd5 $1 {[%mdl 512]} 55. Ra8 Rd8 $19) 54... Qc1 55. Qa1 {And now Qxc1 would win.} Qc2+ 56. Kf1 {[%cal Be2f1,Bf1f2,Bf2e1][%mdl 32]} Bc1 57. Ra2 Qd1+ 58. Kf2 Bd7 (58... Ra8 $11 59. Rxa8 Qd2+ 60. Kf1 (60. Kg1 {leads to mate.} Qe1+ 61. Bf1 Qe3+ 62. Kh1 Qf3+ {[%mdl 64] Double Attack} 63. Bg2 Qd1+ 64. Bf1 Qxf1#) 60... Qd1+ 61. Kf2 Qd2+ 62. Kf1 (62. Kg1 Qe1+ 63. Bf1 Qe3+ 64. Kh1 Qf3+ {[%mdl 64] Double Attack} 65. Bg2 Qd1+ 66. Bf1 Qxf1#) 62... Qd1+ 63. Kf2) 59. Qc3 $16 {Hoping for Ra1.} Bf5 60. Ra1 Bc2 (60... Bd2 $14) 61. Qe1 Qxe1+ 62. Kxe1 Bb2 (62... Bg5 $16 63. h4 gxh3 64. Bxh3 Bb3) 63. Ra6 Bc3+ 64. Ke2 Bb3 65. Kd3 $2 (65. Ke3 $18 {Threatens to win with Ra3.} Bb2 66. Kd2) 65... Bb2 $2 (65... Be1 $1 $14) 66. Kd2 Kg7 67. Rd6 Rxd6 $2 (67... Ra8) 68. exd6 {Accuracy: White = 64%, Black = 46%.} 1-0

[Event "NOR-chT Eliteserien 2018-19"]
[Site "Norway"]
[Date "2018.11.03"]
[Round "2.9"]
[White "Skrondal, Inge Sandstad"]
[Black "Ranaldi, Lucas"]
[Result "1/2-1/2"]
[WhiteElo "2270"]
[BlackElo "2305"]
[Annotator "broadcasts"]
[PlyCount "111"]
[EventDate "2018.11.02"]
[EventType "team-tourn"]
[EventCountry "NOR"]
[TimeControl "40/5400+30:1800+30"]

1. e4 c6 2. d4 d5 3. e5 Bf5 4. h4 h5 5. Bd3 Bxd3 6. Qxd3 e6 7. Bg5 Qb6 8. Nd2 c5 9. c4 Qxb2 10. Rd1 Qxd4 11. Qb3 Qxe5+ 12. Ne2 Qc7 13. cxd5 f6 14. Nf4 e5 15. d6 Qf7 16. Ne6 Na6 17. Ne4 Rd8 18. Be3 Rd7 19. Bxc5 Qg6 20. Qd5 Ne7 21. Nxf8 Qg4 22. Qd3 Rxf8 23. dxe7 Nxc5 24. exf8=Q+ Kxf8 25. Qf3 Rxd1+ 26. Kxd1 Nxe4 27. Qxg4 hxg4 28. Ke2 Ke7 29. Rc1 Kd7 30. f3 gxf3+ 31. Kxf3 Nd6 32. g4 b5 33. g5 fxg5 34. Rg1 e4+ 35. Ke3 gxh4 36. Rxg7+ Kc6 37. Rxa7 Kd5 38. Kf4 Nc4 39. Rd7+ Kc6 40. Rh7 e3 41. Rxh4 Kc5 42. Ke4 Kb4 43. Kd3 Ka3 44. Rh5 Kb4 45. Rh8 Ka3 46. Ra8+ Kb2 47. a4 bxa4 48. Kxc4 a3 49. Rg8 a2 50. Rg2+ Ka3 51. Rg1 Kb2 52. Rg2+ Ka3 53. Rg1 Kb2 54. Kd3 a1=Q 55. Rxa1 Kxa1 56. Kxe3 1/2-1/2

[Event "NOR-chT Eliteserien 2018-19"]
[Site "Norway"]
[Date "2018.11.03"]
[Round "2.10"]
[White "Gandrud, Vegar Koi"]
[Black "Andersen, Alf Roger"]
[Result "1/2-1/2"]
[WhiteElo "2320"]
[BlackElo "2256"]
[Annotator "broadcasts RC"]
[PlyCount "142"]
[EventDate "2018.11.02"]
[EventType "team-tourn"]
[EventCountry "NOR"]
[TimeControl "40/5400+30:1800+30"]

1. d4 e6 2. c4 f5 3. g3 d5 4. Bg2 Nf6 5. Nh3 Bd6 6. O-O O-O 7. Bf4 c6 8. Qc2 Na6 9. a3 Nc7 10. Nd2 Ne4 11. Bxd6 Nxd6 12. Nf4 Nce8 13. c5 Nf7 14. Nf3 Nf6 15. Nd3 Qe7 16. Nfe5 Nxe5 17. Nxe5 Ng4 18. Nxg4 fxg4 19. e4 Bd7 20. Rae1 Qf6 21. e5 Qg5 22. Qc1 Qxc1 23. Rxc1 Be8 24. Rc3 Bg6 25. f3 gxf3 26. Rcxf3 Rxf3 27. Rxf3 Rf8 28. Rxf8+ Kxf8 29. Kf2 Bf5 30. h4 h6 31. Bf3 Ke7 32. Ke3 g5 33. hxg5 hxg5 34. Bh5 Kf8 35. Kd2 Ke7 36. Kc3 Kd7 37. b4 Bh3 38. Be2 a6 39. a4 Bf5 40. Bh5 Bh3 41. Kd2 Bf5 42. Be2 Ke7 43. Bf1 Bg4 44. Bd3 Kd7 45. Bc2 Ke7 46. Ke3 Kd7 47. Bd3 Bd1 48. a5 Bg4 49. Bf1 Ke7 50. Kf2 Kd7 51. Kg1 Ke7 52. Kh2 Kd7 53. Bh3 Bf3 54. Kg1 Ke7 55. Kf2 Bd1 56. Bf1 Bg4 57. Bg2 Kf7 58. Ke3 Ke7 59. Bf1 Kd7 60. Bd3 Ke7 61. Kd2 Kd7 62. Bf1 Ke7 63. Ke1 Kd7 64. Kf2 Ke7 65. Bg2 Kf7 66. Ke3 Ke7 67. Bf1 Kd7 68. Be2 Bxe2 69. Kxe2 Ke7 70. Kf3 Kf7 71. g4 Ke7 1/2-1/2